Իմպրեսիոնիզմի գեղարվեստական ժառանգությունը և հայ գեղանկարչությունը : (Record no. 344119)
[ view plain ]
| 000 -LEADER | |
|---|---|
| fixed length control field | 01135nam a2200253 a 4500 |
| 001 - CONTROL NUMBER | |
| control field | 001057365 |
| 003 - CONTROL NUMBER IDENTIFIER | |
| control field | AM-YeHGA |
| 005 - DATE AND TIME OF LATEST TRANSACTION | |
| control field | 20250617151058.0 |
| 008 - FIXED-LENGTH DATA ELEMENTS--GENERAL INFORMATION | |
| fixed length control field | 150203s2014 ai r 000 0 arm d |
| 020 ## - INTERNATIONAL STANDARD BOOK NUMBER | |
| International Standard Book Number | 9789994131792 |
| 040 ## - CATALOGING SOURCE | |
| Original cataloging agency | AM-YeHGA |
| 041 0# - LANGUAGE CODE | |
| Language code of text/sound track or separate title | arm |
| 090 ## - LOCALLY ASSIGNED LC-TYPE CALL NUMBER (OCLC); LOCAL CALL NUMBER (RLIN) | |
| -- | 345917 |
| 100 1# - MAIN ENTRY--PERSONAL NAME | |
| Personal name | Քոթանջյան, Գարեգին |
| 245 10 - TITLE STATEMENT | |
| Title | Իմպրեսիոնիզմի գեղարվեստական ժառանգությունը և հայ գեղանկարչությունը : |
| Remainder of title | (XIX դ. երկրորդ կես - XX դ. առաջին կես) / |
| Statement of responsibility, etc. | Գ. Քոթանջյան. |
| 246 13 - VARYING FORM OF TITLE | |
| Title proper/short title | The Artistic Legacy of Impressionism and Armenian Pictorial Art |
| Remainder of title | (second half of XIX-first half of XX cc.) |
| 260 ## - PUBLICATION, DISTRIBUTION, ETC. | |
| Place of publication, distribution, etc. | Երևան : |
| Name of publisher, distributor, etc. | Ամրոց գրուպ, |
| Date of publication, distribution, etc. | 2014. |
| 300 ## - PHYSICAL DESCRIPTION | |
| Extent | 110 էջ : |
| Other physical details | գունանկ. ; |
| Dimensions | 22 սմ. |
| 504 ## - BIBLIOGRAPHY, ETC. NOTE | |
| Bibliography, etc. note | Տողատակի ծանոթագր. |
| 504 ## - BIBLIOGRAPHY, ETC. NOTE | |
| Bibliography, etc. note | Օգտագործված գրականության ցանկ` հայ. և ռուս. լեզ. էջ 108-109 |
| 650 14 - SUBJECT ADDED ENTRY--TOPICAL TERM | |
| Topical term or geographic name entry element | Գեղանկարչություն |
| General subdivision | Իմպրեսիոնիզմ |
| 650 14 - SUBJECT ADDED ENTRY--TOPICAL TERM | |
| Topical term or geographic name entry element | Հայ արվեստ |
| General subdivision | Գեղանկարչություն |
| 942 00 - ADDED ENTRY ELEMENTS (KOHA) | |
| Koha issues (borrowed), all copies | 2 |
| Withdrawn status | Lost status | Damaged status | Not for loan | Collection | Home library | Current library | Date acquired | Cost, normal purchase price | Shelving control number | Total checkouts | Full call number | Barcode | Date last seen | Date last checked out | Price effective from | Koha item type | Public note |
|---|---|---|---|---|---|---|---|---|---|---|---|---|---|---|---|---|---|
| General | Fundamental Scientific Library | Fundamental Scientific Library | 09/01/2017 | 6800.00 | 2 | AII/101622 | FL0407741 | 27/02/2025 | 27/02/2025 | 09/01/2017 | Գրքեր / Books | 30 Days Loan |
ՀՀ Գիտությունների ազգային ակադեմիայի հիմնարար գիտական գրադարան = Fundamental Scientific Library of NAS RA
All site content, except where otherwise noted, is licensed under a